Miéntete - Lenny Tavárez - Estadísticas

Estadísticas generales
  • Esta prueba ha sido intentada 141 veces
  • La puntuación promedio es 146 de 351
Estadísticas de respuestas
Letra % Correcto
a
100%
mi
75%
miéntete
75%
Que
75%
que
75%
tu
75%
75%
75%
y
75%
Y
75%
Ahora
50%
cara
50%
con
50%
de
50%
él
50%
el
50%
la
50%
las
50%
lo
50%
Lo
50%
me
50%
mía
50%
No
50%
no
50%
nos
50%
pa
50%
Pa
50%
Pero
50%
Por
50%
por
50%
sabes
50%
50%
se
50%
si
50%
te
50%
un
50%
ya
50%
Yo
50%
yo
50%
adueño
25%
Aunque
25%
buena
25%
Cuando
25%
cueste
25%
Dime
25%
En
25%
en
25%
entiendo
25%
eso
25%
Eso
25%
estás
25%
Explícale
25%
fuese
25%
fuiste
25%
hago
25%
kilo
25%
más
25%
mintiendo
25%
mismo
25%
negarlo
25%
nunca
25%
olvidarlo
25%
pensamiento
25%
puedes
25%
sería
25%
Sientes
25%
silencio
25%
Tienes
25%
tienes
25%
única
25%
vida
25%
admitir
0%
bebas
0%
besarlo
0%
borrar
0%
cielo
0%
como
0%
cosas
0%
define
0%
donde
0%
engaño
0%
enseñé
0%
esfumen
0%
fingiendo
0%
fuego
0%
fumes
0%
ganas
0%
Harás
0%
haz
0%
hubo
0%
intento
0%
novio
0%
nubes
0%
oh
0%
orgullosa
0%
peligrosa
0%
perfume
0%
piensas
0%
poder
0%
puedo
0%
quieres
0%
resto
0%
rosas
0%
seguir
0%
siendo
0%
Sigues
0%
Somos
0%
tan
0%
tiempo
0%
todavía
0%
trata
0%
trataba
0%
No se encontraron pruebas coincidentes
Distribución de puntuación
Porcentaje de gente con cada puntuación
Porcentaje por número respondido
Historial de tus puntuaciones
No has intentado esta prueba.